Kiežby si bol tu

Enregistré dans:
Détails bibliographiques
Auteur principal: Brown, Rita Mae
Autres auteurs: Brown, Sneaky Pie, Lorková, Zuzana
Format: Livre
Langue:slovaque
Publié: Praha Motto 2015
Édition:1. vyd.
Sujets:
Tags: Ajouter un tag
Pas de tags, Soyez le premier à ajouter un tag!

MARC

LEADER 00000nam a2200000 4500
001 0200144
005 20240502083508.8
020 |a 978-80-267-0296-2 
041 0 |a slo 
044 |a CZ 
245 1 0 |a Kiežby si bol tu  |c Rita Mae Brown & Sneaky Pie Brown ; preložila Zuzana Lorková 
250 |a 1. vyd. 
264 1 |a Praha  |b Motto  |c 2015 
300 |a 246 s. [10 AH] 
610 2 0 |a literatúra 
610 2 0 |a preklady 
100 1 |a Brown, Rita Mae 
700 1 |a Brown, Sneaky Pie 
700 1 |a Lorková, Zuzana